000 00818nam a22002177a 4500
999 _c456
_d456
003 AR-CdUCM
008 190223b ||||| |||| 00| 0 spa d
040 _aMUNICIPALIDAD PROVINCIAL DEL CUSCO
_cBIBLIOTECA MUNICIPAL DEL CUSCO
_e9580412650
041 _heng
082 _a810 /
_bSE32
100 _aSebestyen, Ouida
_91804
245 _aEncerrada /
_cSebestyen, Ouida ; Cárdenas Nannetti, Jorge ( traductor )
260 _aBoston :
_bBrown and company,
_c1988.
300 _a229 paginas ;
_c23cm.
505 _aAl que encuentre esta nota -- HCM -- Querida señorita -- Queridos papa y mama -- Querida señorita -- Esta carta es para abril....
650 _aEstados Unidos
_91805
650 _aTexto Prolongado
_91806
700 _aCárdenas Nannetti, Jorge
_91807
942 _2ddc
_cLIBROS
945 _apjha
_d2019-01-23